[Event "DVM U20 2021"]
[Site "Kiel GER"]
[Date "2022.07.25"]
[Round "6"]
[White "Neugirg, Mika"]
[Black "Sabirov, Rafael"]
[Result "1/2-1/2"]
[Termination "normal"]
[Board "3.6"]
[WhiteElo "1553"]
[BlackElo "1777"]
[WhiteClock "00:30:41"]
[BlackClock "00:10:56"]
[WhiteTeam "SC Bavaria Regensburg von 1881 e.V."]
[BlackTeam "Schachgemeinschaft Porz e. V."]
[PlyCount "90"]
[WhiteFideId "34619160"]
[BlackFideId "16241185"]
[EventCountry "GER"]
[EventRounds "7"]
[EventType "team-swiss"]
[EventDate "2022.07.22"]

1. b3 {[%clk 01:30:59]} e5 {[%clk 01:30:48]} {[%emt 00:00:13]} 2. Bb2 {[%clk
01:31:23]} {[%emt 00:00:05]} Nc6 {[%clk 01:31:10]} {[%emt 00:00:08]} 3. e3
{[%clk 01:31:48]} {[%emt 00:00:06]} d5 {[%clk 01:31:08]} {[%emt 00:00:32]} 4.
Bb5 {[%clk 01:32:10]} {[%emt 00:00:08]} Bd6 {[%clk 01:31:29]} {[%emt 00:00:07]}
5. f4 {[%clk 01:32:35]} {[%emt 00:00:07]} f6 {[%clk 01:28:27]} {[%emt
00:03:32]} 6. Qh5+ {[%clk 01:32:41]} {[%emt 00:00:23]} g6 {[%clk 01:23:43]}
{[%emt 00:05:15]} 7. Qh4 {[%clk 01:33:01]} {[%emt 00:00:09]} Qe7 {[%clk
01:14:19]} {[%emt 00:09:54]} 8. fxe5 {[%clk 01:29:10]} {[%emt 00:04:21]} Bxe5
{[%clk 01:10:12]} {[%emt 00:04:38]} 9. Bxc6+ {[%clk 01:22:39]} {[%emt
00:07:00]} bxc6 {[%clk 01:10:03]} {[%emt 00:00:39]} 10. Bxe5 {[%clk 01:22:25]}
{[%emt 00:00:45]} fxe5 {[%clk 01:05:26]} {[%emt 00:05:07]} 11. Qxe7+ {[%clk
01:20:50]} {[%emt 00:02:04]} Kxe7 {[%clk 00:45:01]} {[%emt 00:20:56]} 12. d3
{[%clk 01:08:31]} {[%emt 00:12:49]} Nh6 {[%clk 00:42:42]} {[%emt 00:02:49]} 13.
e4 {[%clk 01:02:07]} {[%emt 00:06:48]} Kd6 {[%clk 00:37:20]} {[%emt 00:05:58]}
14. h3 {[%clk 00:56:44]} {[%emt 00:05:52]} Rf8 {[%clk 00:32:27]} {[%emt
00:05:23]} 15. Nf3 {[%clk 00:55:08]} {[%emt 00:02:06]} Ng8 {[%clk 00:30:55]}
{[%emt 00:02:03]} 16. Nc3 {[%clk 00:49:57]} {[%emt 00:05:39]} Nf6 {[%clk
00:26:42]} {[%emt 00:04:44]} 17. O-O-O {[%clk 00:45:57]} {[%emt 00:04:29]} d4
{[%clk 00:22:11]} {[%emt 00:05:01]} 18. Ne2 {[%clk 00:41:26]} {[%emt 00:05:01]}
Nh5 {[%clk 00:20:49]} {[%emt 00:01:53]} 19. Rhf1 {[%clk 00:37:57]} {[%emt
00:03:57]} Be6 {[%clk 00:19:51]} {[%emt 00:01:30]} 20. Nd2 {[%clk 00:36:38]}
{[%emt 00:01:46]} g5 {[%clk 00:17:29]} {[%emt 00:02:55]} 21. Rxf8 {[%clk
00:31:36]} {[%emt 00:05:32]} Rxf8 {[%clk 00:17:58]} {[%emt 00:00:02]} 22. Rf1
{[%clk 00:31:49]} {[%emt 00:00:15]} Nf4 {[%clk 00:14:45]} {[%emt 00:03:44]} 23.
Nxf4 {[%clk 00:28:56]} {[%emt 00:03:23]} gxf4 {[%clk 00:14:15]} {[%emt
00:01:01]} 24. Rf2 {[%clk 00:27:26]} {[%emt 00:01:55]} Rg8 {[%clk 00:14:00]}
{[%emt 00:00:49]} 25. a3 {[%clk 00:25:30]} {[%emt 00:02:24]} c5 {[%clk
00:13:24]} {[%emt 00:01:09]} 26. a4 {[%clk 00:24:55]} {[%emt 00:01:04]} Rg3
{[%clk 00:13:11]} {[%emt 00:00:43]} 27. Nf1 {[%clk 00:25:04]} {[%emt 00:00:17]}
Rg8 {[%clk 00:12:55]} {[%emt 00:00:50]} 28. Nd2 {[%clk 00:25:25]} {[%emt
00:00:09]} Ke7 {[%clk 00:12:48]} {[%emt 00:00:36]} 29. Kb2 {[%clk 00:25:20]}
{[%emt 00:00:34]} Kf6 {[%clk 00:12:33]} {[%emt 00:00:47]} 30. Kc1 {[%clk
00:24:53]} {[%emt 00:00:56]} Bf7 {[%clk 00:11:58]} {[%emt 00:01:06]} 31. Kd1
{[%clk 00:22:19]} {[%emt 00:03:03]} Bh5+ {[%clk 00:12:13]} {[%emt 00:00:16]}
32. Ke1 {[%clk 00:22:21]} {[%emt 00:00:26]} Kg5 {[%clk 00:11:02]} {[%emt
00:01:44]} 33. Nc4 {[%clk 00:21:37]} {[%emt 00:01:13]} Re8 {[%clk 00:10:50]}
{[%emt 00:00:42]} 34. Nd2 {[%clk 00:21:05]} {[%emt 00:01:02]} Kh4 {[%clk
00:10:23]} {[%emt 00:00:57]} 35. Nf1 {[%clk 00:20:13]} {[%emt 00:01:19]} Rf8
{[%clk 00:10:04]} {[%emt 00:00:52]} 36. Nd2 {[%clk 00:19:15]} {[%emt 00:01:25]}
Kg3 {[%clk 00:10:07]} {[%emt 00:00:30]} 37. Nf1+ {[%clk 00:19:29]} {[%emt
00:00:11]} Kh4 {[%clk 00:10:36]} {[%emt 00:00:06]} 38. Nd2 {[%clk 00:19:24]}
{[%emt 00:00:34]} Rf7 {[%clk 00:10:05]} {[%emt 00:01:02]} 39. Nc4 {[%clk
00:13:38]} {[%emt 00:06:16]} Re7 {[%clk 00:08:20]} {[%emt 00:02:15]} 40. Nd2
{[%clk 00:13:01]} {[%emt 00:01:06]} Rg7 {[%clk 00:08:23]} {[%emt 00:00:28]} 41.
Nc4 {[%clk 00:11:08]} {[%emt 00:02:21]} Rg5 {[%clk 00:07:24]} {[%emt 00:01:31]}
42. Nd2 {[%clk 00:10:46]} {[%emt 00:00:52]} Rg8 {[%clk 00:24:33]} {[%emt
00:13:21]} 43. Nc4 {[%clk 00:36:53]} {[%emt 00:04:22]} Re8 {[%clk 00:24:14]}
{[%emt 00:00:49]} 44. Nd2 {[%clk 00:36:45]} {[%emt 00:00:39]} Bf7 {[%clk
00:23:20]} {[%emt 00:01:25]} 45. Kf1 {[%clk 00:30:41]} {[%emt 00:06:31]} Bh5
{[%clk 00:10:56]} {[%emt 00:12:56]} 1/2-1/2

[Event "DVM U20 2021"]
[Site "Kiel GER"]
[Date "2022.07.25"]
[Round "6"]
[White "Knüdel, Torben"]
[Black "Wübker, Paul-Luca"]
[Result "1-0"]
[Termination "normal"]
[Board "4.1"]
[WhiteElo "2210"]
[BlackElo "2157"]
[WhiteClock "00:28:48"]
[BlackClock "00:12:59"]
[WhiteTeam "Post SV Uelzen"]
[BlackTeam "Schachgesellschaft Bochum 1931"]
[PlyCount "51"]
[WhiteFideId "16208820"]
[BlackFideId "12939528"]
[EventCountry "GER"]
[EventRounds "7"]
[EventType "team-swiss"]
[EventDate "2022.07.22"]

1. e4 {[%clk 01:30:59]} c5 {[%clk 01:30:55]} {[%emt 00:00:06]} 2. Nf3 {[%clk
01:31:21]} {[%emt 00:00:07]} d6 {[%clk 01:31:20]} {[%emt 00:00:05]} 3. d4
{[%clk 01:31:48]} {[%emt 00:00:03]} cxd4 {[%clk 01:31:47]} {[%emt 00:00:04]} 4.
Nxd4 {[%clk 01:32:13]} {[%emt 00:00:04]} Nf6 {[%clk 01:32:12]} {[%emt
00:00:05]} 5. Nc3 {[%clk 01:32:36]} {[%emt 00:00:07]} Nc6 {[%clk 01:32:40]}
{[%emt 00:00:03]} 6. f4 {[%clk 01:32:53]} {[%emt 00:00:12]} Qb6 {[%clk
01:18:25]} {[%emt 00:14:45]} 7. Nf3 {[%clk 01:28:56]} {[%emt 00:04:27]} g6
{[%clk 01:15:18]} {[%emt 00:03:37]} 8. Bd3 {[%clk 01:28:15]} {[%emt 00:01:12]}
Bg7 {[%clk 01:14:55]} {[%emt 00:00:52]} 9. Qe2 {[%clk 01:28:06]} {[%emt
00:00:39]} O-O {[%clk 01:15:01]} {[%emt 00:00:24]} 10. Rb1 {[%clk 01:28:09]}
{[%emt 00:00:27]} Ng4 {[%clk 01:11:47]} {[%emt 00:03:44]} 11. Nd5 {[%clk
01:26:22]} {[%emt 00:02:17]} Qa5+ {[%clk 01:06:43]} {[%emt 00:05:33]} 12. Bd2
{[%clk 01:19:55]} {[%emt 00:06:58]} Qxa2 {[%clk 01:05:46]} {[%emt 00:01:28]}
13. O-O {[%clk 01:19:44]} {[%emt 00:00:40]} Bxb2 {[%clk 01:03:12]} {[%emt
00:03:04]} 14. Kh1 {[%clk 00:56:44]} {[%emt 00:23:30]} Rb8 {[%clk 00:44:41]}
{[%emt 00:19:01]} 15. Bc4 {[%clk 00:51:14]} {[%emt 00:06:00]} Qa3 {[%clk
00:44:30]} {[%emt 00:00:41]} 16. f5 {[%clk 00:38:04]} {[%emt 00:13:41]} e6
{[%clk 00:36:39]} {[%emt 00:08:21]} 17. Rxb2 {[%clk 00:34:38]} {[%emt
00:03:56]} exd5 {[%clk 00:25:45]} {[%emt 00:11:24]} 18. Rb3 {[%clk 00:34:58]}
{[%emt 00:00:09]} Qc5 {[%clk 00:25:41]} {[%emt 00:00:34]} 19. Bxd5 {[%clk
00:35:15]} {[%emt 00:00:14]} gxf5 {[%clk 00:19:31]} {[%emt 00:06:40]} 20. Rc3
{[%clk 00:32:52]} {[%emt 00:02:52]} Qb6 {[%clk 00:18:12]} {[%emt 00:01:49]} 21.
Ng5 {[%clk 00:32:22]} {[%emt 00:01:00]} Nd4 {[%clk 00:17:59]} {[%emt 00:00:44]}
22. Qe1 {[%clk 00:32:11]} {[%emt 00:00:39]} Ne6 {[%clk 00:16:22]} {[%emt
00:02:07]} 23. Nxh7 {[%clk 00:29:01]} {[%emt 00:03:41]} Kxh7 {[%clk 00:15:11]}
{[%emt 00:01:41]} 24. exf5 {[%clk 00:29:14]} {[%emt 00:00:17]} Qd4 {[%clk
00:13:21]} {[%emt 00:02:20]} 25. Rh3+ {[%clk 00:28:48]} {[%emt 00:00:56]} Kg8
{[%clk 00:12:59]} {[%emt 00:00:52]} 26. Bc3 {[%emt 00:00:16]} 1-0

[Event "DVM U20 2021"]
[Site "Kiel GER"]
[Date "2022.07.25"]
[Round "6"]
[White "Biermann, Lenhard"]
[Black "von Estorff, Jacob"]
[Result "1/2-1/2"]
[Termination "normal"]
[Board "4.2"]
[WhiteElo "2078"]
[BlackElo "2164"]
[WhiteClock "00:05:24"]
[BlackClock "00:02:18"]
[WhiteTeam "Schachgesellschaft Bochum 1931"]
[BlackTeam "Post SV Uelzen"]
[PlyCount "73"]
[WhiteFideId "12970077"]
[BlackFideId "12974501"]
[EventCountry "GER"]
[EventRounds "7"]
[EventType "team-swiss"]
[EventDate "2022.07.22"]

1. d4 {[%clk 01:30:58]} {[%emt 00:00:02]} Nf6 {[%clk 01:30:22]} {[%emt
00:00:39]} 2. c4 {[%clk 01:31:14]} {[%emt 00:00:13]} g6 {[%clk 01:30:35]}
{[%emt 00:00:16]} 3. Nf3 {[%clk 01:31:38]} {[%emt 00:00:06]} Bg7 {[%clk
01:30:14]} {[%emt 00:00:52]} 4. g3 {[%clk 01:31:10]} {[%emt 00:00:59]} O-O
{[%clk 01:29:03]} {[%emt 00:01:40]} 5. Bg2 {[%clk 01:31:31]} {[%emt 00:00:09]}
c6 {[%clk 01:29:00]} {[%emt 00:00:32]} 6. O-O {[%clk 01:31:53]} {[%emt
00:00:08]} d5 {[%clk 01:29:22]} {[%emt 00:00:09]} 7. cxd5 {[%clk 01:32:19]}
{[%emt 00:00:05]} cxd5 {[%clk 01:29:13]} {[%emt 00:00:38]} 8. Nc3 {[%clk
01:32:31]} {[%emt 00:00:18]} Nc6 {[%clk 01:24:50]} {[%emt 00:04:53]} 9. Ne5
{[%clk 01:31:40]} {[%emt 00:01:21]} e6 {[%clk 01:24:17]} {[%emt 00:01:04]} 10.
Nxc6 {[%clk 01:25:08]} {[%emt 00:07:02]} bxc6 {[%clk 01:24:42]} {[%emt
00:00:04]} 11. Bf4 {[%clk 01:20:56]} {[%emt 00:04:42]} Nd7 {[%clk 01:20:03]}
{[%emt 00:05:09]} 12. Na4 {[%clk 01:11:30]} {[%emt 00:09:55]} Qa5 {[%clk
01:09:01]} {[%emt 00:11:32]} 13. Rc1 {[%clk 00:54:43]} {[%emt 00:17:17]} Ba6
{[%clk 01:04:06]} {[%emt 00:05:25]} 14. b3 {[%clk 00:44:29]} {[%emt 00:10:44]}
Rfc8 {[%clk 00:53:53]} {[%emt 00:10:44]} 15. Bd6 {[%clk 00:35:49]} {[%emt
00:09:10]} Bb5 {[%clk 00:47:42]} {[%emt 00:06:41]} 16. Nc3 {[%clk 00:33:04]}
{[%emt 00:03:15]} Qb6 {[%clk 00:35:02]} {[%emt 00:13:10]} 17. Bc5 {[%clk
00:29:35]} {[%emt 00:03:59]} Nxc5 {[%clk 00:34:37]} {[%emt 00:00:55]} 18. dxc5
{[%clk 00:29:50]} {[%emt 00:00:15]} Qxc5 {[%clk 00:27:46]} {[%emt 00:07:20]}
19. Nxd5 {[%clk 00:20:43]} {[%emt 00:09:37]} Qa3 {[%clk 00:27:44]} {[%emt
00:00:32]} 20. Nc3 {[%clk 00:20:05]} {[%emt 00:01:08]} Bxc3 {[%clk 00:27:30]}
{[%emt 00:00:45]} 21. Rxc3 {[%clk 00:20:27]} {[%emt 00:00:08]} Qxa2 {[%clk
00:27:52]} {[%emt 00:00:07]} 22. Qc2 {[%clk 00:16:00]} {[%emt 00:04:57]} Qxc2
{[%clk 00:26:47]} {[%emt 00:01:35]} 23. Rxc2 {[%clk 00:16:29]} {[%emt
00:00:02]} Rab8 {[%clk 00:25:12]} {[%emt 00:02:04]} 24. Rfc1 {[%clk 00:15:16]}
{[%emt 00:01:43]} Rb6 {[%clk 00:24:19]} {[%emt 00:01:24]} 25. b4 {[%clk
00:13:37]} {[%emt 00:02:09]} Ba4 {[%clk 00:17:18]} {[%emt 00:07:30]} 26. Rc5
{[%clk 00:12:02]} {[%emt 00:02:05]} Kg7 {[%emt 00:06:27]} 27. e3 {[%clk
00:11:07]} {[%emt 00:01:13]} Kf6 {[%clk 00:10:15]} {[%emt 00:01:48]} 28. R1c4
{[%clk 00:09:38]} {[%emt 00:01:59]} Ke7 {[%clk 00:07:51]} {[%emt 00:02:55]} 29.
Ra5 {[%clk 00:08:39]} {[%emt 00:01:28]} Bb3 {[%clk 00:05:27]} {[%emt 00:02:55]}
30. Rxa7+ {[%clk 00:08:55]} {[%emt 00:00:13]} Kf8 {[%clk 00:04:12]} {[%emt
00:01:46]} 31. Rc3 {[%clk 00:06:30]} {[%emt 00:02:54]} Rxb4 {[%clk 00:03:21]}
{[%emt 00:01:21]} 32. Rxc6 {[%clk 00:05:53]} {[%emt 00:01:07]} Rxc6 {[%clk
00:02:12]} {[%emt 00:01:39]} 33. Bxc6 {[%clk 00:06:13]} {[%emt 00:00:10]} Rc4
{[%clk 00:02:23]} {[%emt 00:00:19]} 34. Bf3 {[%clk 00:06:04]} {[%emt 00:00:39]}
Rc1+ {[%clk 00:01:58]} {[%emt 00:00:55]} 35. Kg2 {[%clk 00:06:33]} {[%emt
00:00:02]} Bc4 {[%clk 00:02:06]} {[%emt 00:00:21]} 36. h4 {[%clk 00:06:36]}
{[%emt 00:00:27]} Kg7 {[%clk 00:02:18]} {[%emt 00:00:18]} 37. Rb7 {[%clk
00:05:24]} {[%emt 00:01:42]} 1/2-1/2

[Event "DVM U20 2021"]
[Site "Kiel GER"]
[Date "2022.07.25"]
[Round "6"]
[White "Bargsten, Justus"]
[Black "Biermann, Florian"]
[Result "0-1"]
[Termination "normal"]
[Board "4.3"]
[WhiteElo "2136"]
[BlackElo "2100"]
[WhiteClock "00:09:57"]
[BlackClock "00:08:11"]
[WhiteTeam "Post SV Uelzen"]
[BlackTeam "Schachgesellschaft Bochum 1931"]
[PlyCount "86"]
[WhiteFideId "12974188"]
[BlackFideId "12970069"]
[EventCountry "GER"]
[EventRounds "7"]
[EventType "team-swiss"]
[EventDate "2022.07.22"]

1. d4 {[%clk 01:30:57]} {[%emt 00:00:02]} g6 {[%clk 01:28:59]} {[%emt
00:02:02]} 2. e4 {[%clk 01:29:30]} {[%emt 00:01:57]} d6 {[%clk 01:28:54]}
{[%emt 00:00:36]} 3. Nc3 {[%clk 01:29:54]} {[%emt 00:00:06]} Nf6 {[%clk
01:29:15]} {[%emt 00:00:09]} 4. Be3 {[%clk 01:29:45]} {[%emt 00:00:38]} a6
{[%clk 01:28:37]} {[%emt 00:01:09]} 5. a4 {[%clk 01:26:27]} {[%emt 00:03:48]}
Bg7 {[%clk 01:22:13]} {[%emt 00:06:54]} 6. h3 {[%clk 01:26:13]} {[%emt
00:00:43]} O-O {[%clk 01:20:49]} {[%emt 00:01:55]} 7. g3 {[%clk 01:26:05]}
{[%emt 00:00:37]} e5 {[%clk 01:20:20]} {[%emt 00:00:59]} 8. Nge2 {[%clk
01:25:58]} {[%emt 00:00:36]} Nc6 {[%clk 01:19:15]} {[%emt 00:01:36]} 9. Bg2
{[%clk 01:24:11]} {[%emt 00:02:17]} exd4 {[%clk 01:17:34]} {[%emt 00:02:11]}
10. Nxd4 {[%clk 01:24:33]} {[%emt 00:00:08]} Nxd4 {[%clk 01:16:13]} {[%emt
00:01:52]} 11. Bxd4 {[%clk 01:24:55]} {[%emt 00:00:08]} Bd7 {[%clk 01:16:36]}
{[%emt 00:00:07]} 12. O-O {[%clk 01:23:46]} {[%emt 00:01:38]} Bc6 {[%clk
01:10:08]} {[%emt 00:06:58]} 13. Qd3 {[%clk 01:21:14]} {[%emt 00:03:02]} Re8
{[%clk 01:04:37]} {[%emt 00:06:01]} 14. Qc4 {[%clk 01:18:33]} {[%emt 00:03:10]}
Nd7 {[%clk 00:52:07]} {[%emt 00:13:01]} 15. Bxg7 {[%clk 01:17:27]} {[%emt
00:01:36]} Kxg7 {[%clk 00:52:29]} {[%emt 00:00:08]} 16. b4 {[%clk 01:09:22]}
{[%emt 00:08:35]} Qf6 {[%clk 00:49:59]} {[%emt 00:03:00]} 17. f4 {[%clk
01:02:21]} {[%emt 00:07:31]} Rad8 {[%clk 00:24:17]} {[%emt 00:26:12]} 18. Qd3
{[%clk 00:41:48]} {[%emt 00:21:02]} b5 {[%clk 00:17:45]} {[%emt 00:07:03]} 19.
axb5 {[%clk 00:39:56]} {[%emt 00:02:21]} Bxb5 {[%clk 00:18:00]} {[%emt
00:00:16]} 20. Nxb5 {[%clk 00:39:53]} {[%emt 00:00:33]} axb5 {[%clk 00:18:24]}
{[%emt 00:00:06]} 21. Ra7 {[%clk 00:38:54]} {[%emt 00:01:28]} d5 {[%clk
00:16:36]} {[%emt 00:02:19]} 22. Kh2 {[%clk 00:34:46]} {[%emt 00:04:37]} dxe4
{[%clk 00:15:37]} {[%emt 00:01:30]} 23. Qxb5 {[%clk 00:35:11]} {[%emt
00:00:05]} c6 {[%clk 00:14:02]} {[%emt 00:02:05]} 24. Qc4 {[%clk 00:34:03]}
{[%emt 00:01:37]} Nb6 {[%clk 00:12:46]} {[%emt 00:01:47]} 25. Qc5 {[%clk
00:34:02]} {[%emt 00:00:31]} Nd5 {[%clk 00:12:07]} {[%emt 00:01:09]} 26. Ra6
{[%clk 00:30:00]} {[%emt 00:04:32]} Re6 {[%clk 00:11:48]} {[%emt 00:00:48]} 27.
Re1 {[%clk 00:29:32]} {[%emt 00:00:58]} e3 {[%clk 00:11:08]} {[%emt 00:01:11]}
28. c4 {[%clk 00:29:15]} {[%emt 00:00:47]} Nxf4 {[%clk 00:10:10]} {[%emt
00:01:27]} 29. gxf4 {[%clk 00:27:27]} {[%emt 00:02:19]} Qxf4+ {[%clk 00:10:33]}
{[%emt 00:00:07]} 30. Kh1 {[%clk 00:27:51]} {[%emt 00:00:06]} Rd2 {[%clk
00:09:53]} {[%emt 00:01:10]} 31. Ra8 {[%clk 00:15:14]} {[%emt 00:13:07]} Rxg2
{[%clk 00:07:34]} {[%emt 00:02:48]} 32. Qf8+ {[%clk 00:15:27]} {[%emt
00:00:17]} Kf6 {[%clk 00:07:53]} {[%emt 00:00:10]} 33. Qd8+ {[%clk 00:13:25]}
{[%emt 00:02:33]} Re7 {[%clk 00:07:11]} {[%emt 00:01:13]} 34. Qh8+ {[%clk
00:13:06]} {[%emt 00:00:49]} Kg5 {[%clk 00:07:08]} {[%emt 00:00:33]} 35. Kxg2
{[%clk 00:09:32]} {[%emt 00:04:03]} Qf2+ {[%clk 00:07:25]} {[%emt 00:00:13]}
36. Kh1 {[%clk 00:09:56]} {[%emt 00:00:06]} Qxe1+ {[%clk 00:07:48]} {[%emt
00:00:08]} 37. Kh2 {[%clk 00:10:02]} {[%emt 00:00:23]} Qf2+ {[%clk 00:08:11]}
{[%emt 00:00:06]} 38. Kh1 {[%clk 00:10:00]} {[%emt 00:00:33]} Qf1+ {[%clk
00:08:33]} {[%emt 00:00:08]} 39. Kh2 {[%clk 00:10:05]} {[%emt 00:00:26]} Qf4+
{[%clk 00:07:48]} {[%emt 00:01:14]} 40. Kh1 {[%clk 00:10:25]} {[%emt 00:00:10]}
e2 {[%clk 00:07:42]} {[%emt 00:00:37]} 41. Ra5+ {[%clk 00:10:47]} {[%emt
00:00:08]} f5 {[%clk 00:07:57]} {[%emt 00:00:15]} 42. Qxh7 {[%clk 00:09:31]}
{[%emt 00:01:46]} e1=Q+ {[%clk 00:08:11]} {[%emt 00:00:15]} 43. Kg2 {[%clk
00:09:57]} {[%emt 00:00:04]} Re2# {[%emt 00:00:16]} 0-1

[Event "DVM U20 2021"]
[Site "Kiel GER"]
[Date "2022.07.25"]
[Round "6"]
[White "Prieb, Robert"]
[Black "Askerov, Imamali"]
[Result "1-0"]
[Termination "normal"]
[Board "4.4"]
[WhiteTitle "CM"]
[WhiteElo "2111"]
[BlackElo "1974"]
[WhiteClock "00:37:45"]
[BlackClock "00:03:27"]
[WhiteTeam "Schachgesellschaft Bochum 1931"]
[BlackTeam "Post SV Uelzen"]
[PlyCount "55"]
[WhiteFideId "16212002"]
[BlackFideId "12974498"]
[EventCountry "GER"]
[EventRounds "7"]
[EventType "team-swiss"]
[EventDate "2022.07.22"]

1. d4 {[%clk 01:30:55]} {[%emt 00:00:03]} Nf6 {[%clk 01:30:35]} {[%emt
00:00:26]} 2. Nf3 {[%clk 01:30:59]} {[%emt 00:00:25]} e6 {[%clk 01:29:35]}
{[%emt 00:01:31]} 3. c4 {[%clk 01:30:51]} {[%emt 00:00:38]} d5 {[%clk
01:29:57]} {[%emt 00:00:08]} 4. Nc3 {[%clk 01:31:00]} {[%emt 00:00:20]} c5
{[%clk 01:17:10]} {[%emt 00:13:18]} 5. cxd5 {[%clk 01:31:08]} {[%emt 00:00:22]}
Nxd5 {[%clk 01:13:55]} {[%emt 00:03:45]} 6. e4 {[%clk 01:31:12]} {[%emt
00:00:25]} Nxc3 {[%clk 01:01:58]} {[%emt 00:12:28]} 7. bxc3 {[%clk 01:31:40]}
{[%emt 00:00:02]} cxd4 {[%clk 00:59:33]} {[%emt 00:02:55]} 8. cxd4 {[%clk
01:31:54]} {[%emt 00:00:16]} Bb4+ {[%clk 00:59:33]} {[%emt 00:00:30]} 9. Bd2
{[%clk 01:31:59]} {[%emt 00:00:25]} Bxd2+ {[%clk 00:57:39]} {[%emt 00:02:25]}
10. Qxd2 {[%clk 01:32:16]} {[%emt 00:00:12]} O-O {[%clk 00:57:55]} {[%emt
00:00:14]} 11. Bc4 {[%clk 01:29:51]} {[%emt 00:02:54]} Nd7 {[%clk 00:54:26]}
{[%emt 00:03:59]} 12. O-O {[%clk 01:29:41]} {[%emt 00:00:40]} Nf6 {[%clk
00:53:41]} {[%emt 00:01:16]} 13. Qe3 {[%clk 01:27:37]} {[%emt 00:02:34]} b6
{[%clk 00:50:33]} {[%emt 00:03:38]} 14. a4 {[%clk 01:24:09]} {[%emt 00:03:58]}
Bb7 {[%clk 00:48:46]} {[%emt 00:02:18]} 15. Bd3 {[%clk 01:24:02]} {[%emt
00:00:36]} Rc8 {[%clk 00:45:18]} {[%emt 00:03:58]} 16. Rfb1 {[%clk 01:21:42]}
{[%emt 00:02:50]} Ba8 {[%clk 00:35:21]} {[%emt 00:10:27]} 17. a5 {[%clk
01:18:01]} {[%emt 00:04:10]} Rc3 {[%clk 00:26:51]} {[%emt 00:09:01]} 18. Rc1
{[%clk 01:06:50]} {[%emt 00:11:41]} Nxe4 {[%clk 00:17:49]} {[%emt 00:09:33]}
19. axb6 {[%clk 01:01:43]} {[%emt 00:05:36]} axb6 {[%clk 00:17:14]} {[%emt
00:01:05]} 20. Rxc3 {[%clk 00:44:09]} {[%emt 00:18:04]} Nxc3 {[%clk 00:17:23]}
{[%emt 00:00:21]} 21. Ng5 {[%clk 00:44:03]} {[%emt 00:00:36]} h6 {[%clk
00:12:43]} {[%emt 00:05:10]} 22. Nxe6 {[%clk 00:42:12]} {[%emt 00:02:20]} fxe6
{[%clk 00:08:52]} {[%emt 00:04:22]} 23. Qxe6+ {[%clk 00:42:33]} {[%emt
00:00:09]} Kh8 {[%clk 00:09:05]} {[%emt 00:00:17]} 24. Qg6 {[%clk 00:41:00]}
{[%emt 00:02:03]} Kg8 {[%clk 00:08:38]} {[%emt 00:00:58]} 25. Ra7 {[%clk
00:37:45]} {[%emt 00:03:44]} Ne2+ {[%clk 00:05:51]} {[%emt 00:03:16]} 26. Kf1
{[%clk 00:37:43]} {[%emt 00:00:32]} Bxg2+ {[%clk 00:06:03]} {[%emt 00:00:19]}
27. Ke1 {[%clk 00:37:45]} {[%emt 00:00:28]} Qxd4 {[%clk 00:03:27]} {[%emt
00:03:06]} 28. Qh7# {[%emt 00:00:06]} 1-0